Φορτώνει......
Contemporary Flemish poetry /
| Άλλοι συγγραφείς: | |
|---|---|
| Γλώσσα: | Undetermined |
| Έκδοση: |
1917.
|
| Σειρά: | Canterbury Poets
|
| Θέματα: |
| LEADER | 00462nam a2200145Ia 4500 | ||
|---|---|---|---|
| 001 | 68920 | ||
| 008 | 170722s9999 xx 000 0 und d | ||
| 245 | |a Contemporary Flemish poetry / | ||
| 260 | |c 1917. | ||
| 490 | |a Canterbury Poets | ||
| 653 | |a Belgian Literature | ||
| 700 | |a Bithell, Jethro |e translator. | ||
| 942 | |c GEN | ||
| 999 | |c 28274 |d 28274 | ||
| 952 | |0 0 |1 0 |4 0 |6 O_59611X_E7_CR |7 0 |8 LC1 |9 33066 |a LIB |b LIB |d 2017-08-12 |h LC1 |o O5961,1x -E7 (CR) |p 382 |r 2017-08-12 |w 2017-08-12 |y GEN | ||